[Event "Caioba Telecom op"]
[Site "Caioba"]
[Date "2018.08.04"]
[Round "8"]
[White "Vicenzi, Liziane Nathalia"]
[Black "Rosa, Luiz Felipe Lopes"]
[Result "0-1"]
[WhiteElo "1506"]
[BlackElo "1679"]
[PlyCount "72"]
[EventDate "2018.08.01"]
[EventType "swiss"]
[EventRounds "9"]
[EventCountry "BRA"]
[SourceTitle "CBM 186 Extra"]
[Source "ChessBase"]
[SourceDate "2018.08.24"]
[SourceVersion "1"]
[SourceVersionDate "2018.08.24"]
[SourceQuality "1"]

1. d4 Nf6 2. c4 g6 3. Nc3 Bg7 4. Nf3 0-0 5. Bf4 d6 6. e3 Nbd7 7. h3 c5 8. d5 Qa5 9. Bd3 Nh5 10. Qc2 Nxf4 11. exf4 Bxc3+ 12. bxc3 Nf6 13. 0-0 Rb8 14. f5 Bxf5 15. Bxf5 gxf5 16. Qxf5 Qxc3 17. Rfc1 Qb2 18. Rcb1 Qc3 19. Rc1 Qa3 20. Re1 Rbe8 21. Re3 Qb2 22. Rb1 Qxa2 23. Rxb7 Qxc4 24. Rexe7 Qc1+ 25. Kh2 Qh6 26. Rxe8 Rxe8 27. Rxa7 Qg6 28. Qxg6+ hxg6 29. Ra6 Rd8 30. Ng5 Nxd5 31. Ne4 c4 32. Nxd6 c3 33. Rc6 c2 34. Nb7 Rb8 35. Na5 Rb5 36. Rc8+ Kg7 0-1

[Event "Maringa Parana-ch"]
[Site "Maringa"]
[Date "2018.02.03"]
[Round "7"]
[White "Rosa, Luiz Felipe Lopes"]
[Black "Shibata, Antonio Emilio"]
[Result "1/2-1/2"]
[WhiteElo "1675"]
[BlackElo "1895"]
[PlyCount "83"]
[EventDate "2018.01.31"]
[EventType "swiss"]
[EventRounds "8"]
[EventCountry "BRA"]
[SourceTitle "CBM 182 Extra"]
[Source "ChessBase"]
[SourceDate "2018.02.23"]
[SourceVersion "1"]
[SourceVersionDate "2018.02.23"]
[SourceQuality "1"]

1. d4 d5 2. Bg5 Nd7 3. e3 Ngf6 4. Bd3 e6 5. Nf3 Be7 6. Nbd2 0-0 7. 0-0 h6 8. Bh4 a6 9. Re1 c5 10. c3 b5 11. e4 dxe4 12. Nxe4 cxd4 13. Nxd4 Bb7 14. Qe2 Nxe4 15. Bxe7 Nxc3 16. Qxe6 fxe6 17. Bxd8 Rfxd8 18. bxc3 Nf8 19. Bc2 Kf7 20. Re3 Rac8 21. Bb3 Bd5 22. Rae1 Rd6 23. Bxd5 Rxd5 24. h3 b4 25. Ne2 bxc3 26. Nxc3 Ra5 27. a4 Rc6 28. Rb1 Nd7 29. Rb7 Ke8 30. Rg3 g5 31. h4 g4 32. Ne4 h5 33. Rd3 Rd5 34. Rdb3 Rd4 35. f3 gxf3 36. gxf3 Rc2 37. Rb1 Ne5 38. Rh7 Nxf3+ 39. Kf1 Nh2+ 40. Kg1 Nf3+ 41. Kf1 Nh2+ 42. Kg1 1/2-1/2

[Event "Caioba Telecom op"]
[Site "Caioba"]
[Date "2017.09.30"]
[Round "6"]
[White "Rosa, Luiz Felipe Lopes"]
[Black "De Borba, Guilherme"]
[Result "0-1"]
[WhiteElo "1647"]
[BlackElo "2190"]
[PlyCount "88"]
[EventDate "2017.09.28"]
[EventType "swiss"]
[EventRounds "8"]
[EventCountry "BRA"]
[SourceTitle "EXT 2020"]
[Source "ChessBase"]
[SourceDate "2019.10.17"]
[SourceVersion "1"]
[SourceVersionDate "2019.10.17"]
[SourceQuality "1"]

1. d4 Nf6 2. Bg5 g6 3. Bxf6 exf6 4. e3 f5 5. c4 Bg7 6. g3 0-0 7. Bg2 d6 8. Nc3 Nd7 9. Nge2 Nf6 10. 0-0 h5 11. b4 h4 12. a4 hxg3 13. hxg3 c6 14. Qd3 Bd7 15. b5 a5 16. bxc6 bxc6 17. Rab1 Ne8 18. Rb7 Nc7 19. Rfb1 Na6 20. Na2 Qc8 21. R7b6 Bf6 22. Nf4 Kg7 23. Qc3 Ra7 24. Qxa5 Bd8 25. c5 d5 26. Bf1 Qa8 27. Bxa6 Bxb6 28. Rxb6 Rh8 29. Nd3 f4 30. Nxf4 Rh7 31. Qb4 Qh8 32. Kf1 Rh1+ 33. Ke2 Ra1 34. Qd2 Qh1 35. Kd3 Rd1 36. Kc2 Bf5+ 37. Kc3 Rxd2 38. Kxd2 Qa1 39. Nc3 Rxa6 40. Rxa6 Qb2+ 41. Kd1 Qc2+ 42. Ke1 Qxc3+ 43. Kd1 Bg4+ 44. Ne2 Qd3+ 0-1

[Event "Caioba Telecom op"]
[Site "Caioba"]
[Date "2017.09.29"]
[Round "3"]
[White "Rosa, Luiz Felipe Lopes"]
[Black "Caetano, Ryan Wesley da Cost"]
[Result "1/2-1/2"]
[WhiteElo "1647"]
[BlackElo "1981"]
[PlyCount "111"]
[EventDate "2017.09.28"]
[EventType "swiss"]
[EventRounds "8"]
[EventCountry "BRA"]
[SourceTitle "EXT 2018"]
[Source "ChessBase"]
[SourceDate "2017.10.13"]
[SourceVersion "1"]
[SourceVersionDate "2017.10.13"]
[SourceQuality "1"]

1. d4 Nf6 2. Bg5 h6 3. Bxf6 exf6 4. e3 d5 5. c4 c6 6. Nc3 dxc4 7. Bxc4 Bd6 8. Qb3 0-0 9. Nf3 b5 10. Be2 a6 11. 0-0 Be6 12. Qc2 f5 13. Rfd1 Qc7 14. Rac1 Rd8 15. g3 Bf8 16. Ne5 Nd7 17. Nxc6 Qxc6 18. d5 Qc7 19. dxe6 fxe6 20. a3 Nf6 21. Qb3 Qf7 22. Bf3 Rac8 23. Ne2 Rxd1+ 24. Rxd1 e5 25. Qxf7+ Kxf7 26. Nc3 e4 27. Be2 Ke6 28. a4 Bb4 29. axb5 Bxc3 30. bxc3 axb5 31. Bxb5 Rxc3 32. h3 g5 33. Rd8 f4 34. gxf4 gxf4 35. exf4 Rxh3 36. Ba6 Rh4 37. Bc8+ Ke7 38. Rh8 h5 39. f5 Ne8 40. Rh7+ Kf6 41. Rh6+ Kg7 42. Re6 Kf7 43. Rc6 Ng7 44. Kg2 Rg4+ 45. Kh3 Rf4 46. Rc4 Kf6 47. Kg3 Rf3+ 48. Kg2 Rf4 49. Rc6+ Ke5 50. Rc5+ Kd6 51. Ra5 h4 52. f6 Rxf6 53. Ra6+ Ke5 54. Rxf6 Kxf6 55. Kh3 Nf5 56. Kg4 1/2-1/2

[Event "Curitiba Parana-ch"]
[Site "Curitiba"]
[Date "2016.01.31"]
[Round "8"]
[White "Rosa, Luiz Felipe Lopes"]
[Black "Lisboa, Joana Cunha"]
[Result "1-0"]
[WhiteElo "1694"]
[BlackElo "1765"]
[PlyCount "131"]
[EventDate "2016.01.26"]
[EventType "swiss"]
[EventRounds "8"]
[EventCountry "BRA"]
[SourceTitle "CBM 170 Extra"]
[Source "ChessBase"]
[SourceDate "2016.02.25"]
[SourceVersion "1"]
[SourceVersionDate "2016.02.25"]
[SourceQuality "1"]

1. d4 Nf6 2. Bg5 d5 3. Nf3 Bf5 4. Bxf6 exf6 5. e3 Bd6 6. c4 dxc4 7. Bxc4 Nc6 8. 0-0 0-0 9. Nc3 a6 10. Nh4 Bd7 11. Bd3 Qc8 12. a3 Ne7 13. Ne4 Ng6 14. Nxd6 cxd6 15. Rc1 Qd8 16. Nxg6 fxg6 17. Qb3+ Rf7 18. Bc4 Qe8 19. Bxf7+ Qxf7 20. Qxf7+ Kxf7 21. Rc7 Ke8 22. Rxb7 Rc8 23. h3 g5 24. Rd1 g6 25. Rb6 Rc6 26. Rxc6 Bxc6 27. Rc1 Kd7 28. Rc3 f5 29. g3 h5 30. Rb3 Bb5 31. Rc3 h4 32. gxh4 gxh4 33. f4 Bc6 34. Rc4 Bb5 35. Rb4 Kc6 36. a4 Be2 37. Rb8 Kc7 38. Rh8 Bh5 39. a5 Kc6 40. b4 d5 41. Kf2 Kc7 42. Rh7+ Kc6 43. Ra7 Kb5 44. Rb7+ Ka4 45. Rb6 Ka3 46. Rxa6 Kxb4 47. Rd6 Kxa5 48. Rxd5+ Kb6 49. Rc5 Bd1 50. Rc1 Ba4 51. d5 Bb5 52. Rc8 Bd7 53. Rg8 Kc5 54. Rxg6 Kxd5 55. Rh6 Be6 56. Rxh4 Kd6 57. Rh7 Bd5 58. h4 Ke6 59. Rg7 Kf6 60. Rg5 Bf7 61. h5 Be8 62. Kg3 Bf7 63. Kh4 Be8 64. Rg8 Bf7 65. Rf8 Kg7 66. Rxf7+ 1-0

[Event "Curitiba Parana-ch"]
[Site "Curitiba"]
[Date "2016.01.29"]
[Round "6"]
[White "Rosa, Luiz Felipe Lopes"]
[Black "Lopes da Silva, Matheus"]
[Result "1-0"]
[WhiteElo "1694"]
[BlackElo "1756"]
[PlyCount "137"]
[EventDate "2016.01.26"]
[EventType "swiss"]
[EventRounds "8"]
[EventCountry "BRA"]
[SourceTitle "CBM 170 Extra"]
[Source "ChessBase"]
[SourceDate "2016.02.25"]
[SourceVersion "1"]
[SourceVersionDate "2016.02.25"]
[SourceQuality "1"]

1. d4 d5 2. Bg5 g6 3. Nf3 Bg7 4. e3 Nf6 5. Bd3 c6 6. 0-0 Bg4 7. Nbd2 0-0 8. h3 Bxf3 9. Nxf3 Nbd7 10. Re1 Re8 11. e4 dxe4 12. Bxe4 Nxe4 13. Rxe4 Nf6 14. Re1 e6 15. c3 Qb6 16. Qc2 Rac8 17. Ne5 Nd5 18. Nf3 c5 19. dxc5 Qxc5 20. Qb3 Qb6 21. Qa4 a6 22. Rad1 Qc6 23. Qb3 b5 24. a3 a5 25. Nd4 Bxd4 26. Rxd4 Kg7 27. a4 bxa4 28. Rxa4 Ra8 29. c4 Reb8 30. cxd5 exd5 31. Qc3+ Qxc3 32. bxc3 Rc8 33. Rd1 Rc4 34. Ra3 Rc5 35. Be3 Rb5 36. Bd4+ f6 37. Ra4 Kf7 38. Re1 f5 39. h4 Re8 40. Rxe8 Kxe8 41. Kh2 Kf7 42. Kg3 Ke6 43. Kf4 Rb2 44. Rxa5 h6 45. c4 Rb4 46. cxd5+ Kd6 47. Ke3 Rb3+ 48. Kd2 g5 49. hxg5 hxg5 50. Bf6 g4 51. g3 Rf3 52. Bd4 Kd7 53. Ra6 f4 54. gxf4 Rxf4 55. Be3 Rf5 56. d6 Rd5+ 57. Kc3 Ke6 58. Kc4 Rd1 59. Kb5 Rxd6 60. Rxd6+ Kxd6 61. Kc4 Ke5 62. Kd3 Kf5 63. Kd4 Kg6 64. Ke4 Kh5 65. Kf4 Kh4 66. Kf5 Kh5 67. Bf4 Kh4 68. Bg3+ Kh5 69. Kf4 1-0

[Event "Parana-ch"]
[Site "Curitiba"]
[Date "2015.01.29"]
[Round "2"]
[White "Da Silva, Kelley Santos"]
[Black "Rosa, Luiz Felipe Lopes"]
[Result "1-0"]
[WhiteElo "1917"]
[BlackElo "1713"]
[PlyCount "91"]
[EventDate "2015.01.28"]
[EventType "swiss"]
[EventRounds "8"]
[EventCountry "BRA"]
[SourceTitle "CBM 164 Extra"]
[Source "ChessBase"]
[SourceDate "2015.03.02"]
[SourceVersion "1"]
[SourceVersionDate "2015.03.02"]
[SourceQuality "1"]

1. d4 Nf6 2. Bg5 g6 3. Bxf6 exf6 4. e4 Bg7 5. Nf3 0-0 6. Bd3 d5 7. exd5 Re8+ 8. Be2 Qxd5 9. 0-0 Bg4 10. c4 Qe6 11. Nc3 Nd7 12. b3 Rad8 13. Qc2 Nb6 14. d5 Qe7 15. h3 Bf5 16. Qd2 Be4 17. Nxe4 Qxe4 18. Bd3 Qe7 19. Rae1 Qd6 20. Rxe8+ Rxe8 21. Re1 Re7 22. Rxe7 Qxe7 23. Kf1 Nd7 24. Qe3 Qxe3 25. fxe3 f5 26. Bc2 Nc5 27. Nd2 a5 28. a4 Bc3 29. Ke2 Kg7 30. g3 Kf6 31. Nf3 Ne4 32. Bxe4 fxe4 33. Nd4 Bxd4 34. exd4 Ke7 35. c5 b6 36. Ke3 f5 37. g4 Kf6 38. gxf5 gxf5 39. Kf4 h6 40. h4 h5 41. d6 Ke6 42. dxc7 Kd7 43. cxb6 Kc8 44. d5 Kd7 45. d6 Kc8 46. Ke3 1-0